[Event "Titled Tuesday intern op 28th Apr"]
[Site "Chess.com INT"]
[Date "2020.04.28"]
[Round "9"]
[White "Zupan, Tomo"]
[Black "Gschnitzer, Adrian"]
[Result "0-1"]
[WhiteElo "2228"]
[BlackElo "2404"]
[PlyCount "80"]
[EventDate "2020.04.28"]
[EventType "swiss (blitz)"]
[EventRounds "10"]
[EventCountry "USA"]
[SourceTitle "EXT 2021"]
[Source "ChessBase"]
[SourceDate "2020.10.23"]
[SourceVersion "1"]
[SourceVersionDate "2020.10.23"]
[SourceQuality "1"]

1. d4 Nf6 2. Bg5 Ne4 3. Bf4 c5 4. f3 Qa5+ 5. c3 Nf6 6. d5 d6 7. e4 g6 8. Qd2 Bg7 9. Na3 h5 10. Nc4 Qc7 11. a4 Nbd7 12. Bd3 Ne5 13. Nxe5 dxe5 14. Be3 e6 15. d6 Qa5 16. Ne2 Bd7 17. 0-0 Bc6 18. b4 cxb4 19. cxb4 Qd8 20. Bb5 Bxb5 21. axb5 Qd7 22. Bxa7 Qxb5 23. Bc5 0-0 24. Nc3 Qc6 25. Qd3 Rxa1 26. Rxa1 Rd8 27. Qb5 Qc8 28. Ra7 Rd7 29. Qa4 Bf8 30. Ra8 Qc6 31. Qxc6 bxc6 32. Na4 Kg7 33. Nb6 Rxd6 34. Bxd6 Bxd6 35. Rc8 Bxb4 36. Rxc6 h4 37. Kf1 Nh5 38. Nc8 Nf4 39. Nd6 g5 40. Nc4 Kf6 0-1

[Event "Titled Tuesday intern op 28th Apr"]
[Site "Chess.com INT"]
[Date "2020.04.28"]
[Round "3"]
[White "Zupan, Tomo"]
[Black "Potapova, Margarita"]
[Result "0-1"]
[WhiteElo "2208"]
[BlackElo "2270"]
[PlyCount "110"]
[EventDate "2020.04.28"]
[EventType "swiss (blitz)"]
[EventRounds "10"]
[EventCountry "USA"]
[SourceTitle "EXT 2021"]
[Source "ChessBase"]
[SourceDate "2020.10.23"]
[SourceVersion "1"]
[SourceVersionDate "2020.10.23"]
[SourceQuality "1"]

1. d4 Nf6 2. Bg5 Ne4 3. Bf4 c5 4. f3 Qa5+ 5. c3 Nf6 6. d5 e6 7. e4 exd5 8. e5 Nh5 9. Bc1 Qd8 10. Qxd5 Qh4+ 11. Kd2 Nc6 12. Bc4 Qg5+ 13. Kc2 Qxg2+ 14. Ne2 Qg6+ 15. Kd1 Be7 16. Rg1 Qe6 17. Qxe6 dxe6 18. Nd2 Bd7 19. f4 0-0-0 20. Kc2 a6 21. Ne4 b5 22. Bb3 c4 23. Be3 cxb3+ 24. axb3 Kb7 25. b4 f5 26. Nc5+ Bxc5 27. Bxc5 g6 28. Rad1 Bc8 29. Nd4 Nxd4+ 30. Bxd4 Bd7 31. Rgf1 Bc6 32. Rde1 Be4+ 33. Kb3 Rd7 34. Ka3 Ra8 35. Re2 Rc8 36. Re3 Ng7 37. Rfe1 Ne8 38. R3e2 Nc7 39. Bc5 Nd5 40. Bd6 Nxf4 41. Rd2 Nd5 42. Bc5 g5 43. Rd4 g4 44. c4 bxc4 45. Rxc4 h5 46. Rec1 h4 47. Bd6 Rxc4 48. Rxc4 g3 49. hxg3 hxg3 50. Rc1 g2 51. b5 axb5 52. b4 Nf4 53. Kb3 Ne2 54. Re1 g1Q 55. Rxe2 Qb1+ 0-1

[Event "Titled Tuesday intern op 7th April"]
[Site "Chess.com INT"]
[Date "2020.04.07"]
[Round "6"]
[White "Zupan, Tomo"]
[Black "Christensen, Janus"]
[Result "0-1"]
[WhiteElo "2243"]
[BlackElo "2091"]
[PlyCount "46"]
[EventDate "2020.04.07"]
[EventType "swiss (blitz)"]
[EventRounds "10"]
[EventCountry "USA"]
[SourceTitle "EXT 2021"]
[Source "ChessBase"]
[SourceDate "2020.10.23"]
[SourceVersion "1"]
[SourceVersionDate "2020.10.23"]
[SourceQuality "1"]

1. d4 d5 2. c4 c6 3. cxd5 cxd5 4. Nc3 Nf6 5. Nf3 Nc6 6. Bf4 a6 7. e3 e6 8. Bd3 Bd6 9. Ne5 Qc7 10. 0-0 Nxe5 11. dxe5 Bxe5 12. Bxe5 Qxe5 13. Rc1 0-0 14. Qc2 Bd7 15. h3 Rac8 16. Qb3 Bc6 17. Ne2 Qd6 18. Nd4 b5 19. Rc2 Bd7 20. Rfc1 Rxc2 21. Rxc2 g6 22. a3 e5 23. Ne2 e4 0-1

[Event "Titled Tuesday intern op 7th Januar"]
[Site "Chess.com INT"]
[Date "2020.01.07"]
[Round "4"]
[White "Rodchenkov, Sergey D"]
[Black "Zupan, Tomo"]
[Result "1-0"]
[WhiteElo "2346"]
[BlackElo "2194"]
[PlyCount "55"]
[EventDate "2020.01.07"]
[EventType "swiss (blitz)"]
[EventRounds "10"]
[EventCountry "USA"]
[SourceTitle "EXT 2021"]
[Source "ChessBase"]
[SourceDate "2020.10.23"]
[SourceVersion "1"]
[SourceVersionDate "2020.10.23"]
[SourceQuality "1"]

1. e4 e5 2. Nf3 Nc6 3. Bc4 Bc5 4. c3 Nf6 5. d3 d6 6. 0-0 0-0 7. Bb3 a6 8. Nbd2 Ba7 9. h3 Ne7 10. Re1 c6 11. Nf1 Ng6 12. Ng3 h6 13. d4 Qc7 14. Be3 Be6 15. Bc2 Rad8 16. Qd2 b5 17. a4 Bb6 18. Nf5 Bxf5 19. exf5 Ne7 20. Bxh6 gxh6 21. Qxh6 Ned5 22. Ng5 exd4 23. Re4 dxc3 24. Rh4 Bxf2+ 25. Kxf2 Qb6+ 26. Kf1 Ne3+ 27. Ke2 Rfe8 28. Qh8# 1-0

[Event "Titled Tuesday intern op 1st Jan"]
[Site "Chess.com INT"]
[Date "2019.01.01"]
[Round "3"]
[White "Plotnikov, Pavel"]
[Black "Zupan, Tomo"]
[Result "1-0"]
[WhiteElo "2297"]
[BlackElo "2201"]
[PlyCount "77"]
[EventDate "2019.01.01"]
[EventType "swiss (blitz)"]
[EventRounds "10"]
[EventCountry "USA"]
[SourceTitle "EXT 2021"]
[Source "ChessBase"]
[SourceDate "2020.10.23"]
[SourceVersion "1"]
[SourceVersionDate "2020.10.23"]
[SourceQuality "1"]

1. d4 Nf6 2. Nf3 g6 3. c4 Bg7 4. Nc3 d5 5. e4 dxe4 6. Ng5 0-0 7. Be3 Ng4 8. Ngxe4 Nxe3 9. fxe3 e5 10. d5 c6 11. dxc6 Nxc6 12. Qxd8 Rxd8 13. Nd5 Be6 14. Nc7 Rac8 15. Nxe6 fxe6 16. Be2 Bh6 17. Bg4 Re8 18. Nf6+ Kg7 19. Nxe8+ Rxe8 20. Ke2 e4 21. Bh3 Ne5 22. Rhd1 Re7 23. Rd6 Nxc4 24. Rxe6 Rxe6 25. Bxe6 Nxe3 26. g3 Kf6 27. Bg8 Ng4 28. Rf1+ Kg7 29. Bb3 Ne5 30. Bd5 e3 31. Bxb7 Bg5 32. Bd5 h5 33. h4 Bh6 34. b4 g5 35. hxg5 Bxg5 36. b5 Kg6 37. a4 Ng4 38. a5 Nf6 39. Bc6 1-0

[Event "Titled Tuesday intern op 1st Jan"]
[Site "Chess.com INT"]
[Date "2019.01.01"]
[Round "5"]
[White "Zupan, Tomo"]
[Black "Navarro Lopez Menchero, Daniel"]
[Result "0-1"]
[WhiteElo "2201"]
[BlackElo "2301"]
[PlyCount "70"]
[EventDate "2019.01.01"]
[EventType "swiss (blitz)"]
[EventRounds "10"]
[EventCountry "USA"]
[SourceTitle "EXT 2021"]
[Source "ChessBase"]
[SourceDate "2020.10.23"]
[SourceVersion "1"]
[SourceVersionDate "2020.10.23"]
[SourceQuality "1"]

1. d4 Nf6 2. Bg5 d5 3. Bxf6 exf6 4. e3 Be6 5. c4 dxc4 6. Nc3 c6 7. Nge2 b5 8. Nf4 Bb4 9. a4 0-0 10. axb5 cxb5 11. Qf3 Nd7 12. Nxe6 fxe6 13. Qc6 Nb6 14. Qxb5 Bxc3+ 15. bxc3 Qd5 16. Qxd5 exd5 17. Be2 a5 18. 0-0 Kf7 19. Rfb1 Rfb8 20. Bf3 Ke6 21. e4 dxe4 22. Bxe4 Nd5 23. Bxd5+ Kxd5 24. Rxb8 Rxb8 25. Rxa5+ Ke4 26. h4 Kd3 27. d5 Kxc3 28. d6 Kb4 29. Rd5 c3 30. d7 c2 31. Rd4+ Kb3 32. Rd3+ Kb2 33. Rd2 Rd8 34. Kh2 Kb1 35. Rxc2 Kxc2 0-1

[Event "Titled Tuesday intern op 1st Jan"]
[Site "Chess.com INT"]
[Date "2019.01.01"]
[Round "4"]
[White "Zupan, Tomo"]
[Black "Sailer, Mike L"]
[Result "1-0"]
[WhiteElo "2207"]
[BlackElo "2141"]
[PlyCount "75"]
[EventDate "2019.01.01"]
[EventType "swiss (blitz)"]
[EventRounds "10"]
[EventCountry "USA"]
[SourceTitle "EXT 2021"]
[Source "ChessBase"]
[SourceDate "2020.10.23"]
[SourceVersion "1"]
[SourceVersionDate "2020.10.23"]
[SourceQuality "1"]

1. d4 d5 2. c4 c6 3. Nc3 Nf6 4. cxd5 cxd5 5. Nf3 Nc6 6. Bf4 a6 7. Ne5 Bd7 8. e3 e6 9. Bd3 Bb4 10. 0-0 0-0 11. Na4 Nxe5 12. Bxe5 Bxa4 13. Qxa4 Bd6 14. f4 Ne4 15. Bxe4 dxe4 16. Qc2 f5 17. Qb3 Qd7 18. Rac1 Bxe5 19. fxe5 Rfc8 20. Rcd1 g6 21. d5 exd5 22. Rxd5 Qf7 23. e6 Qf6 24. Rd7 Re8 25. e7+ Qf7 26. Qxb7 Rab8 27. Qc7 Rxb2 28. Rfd1 f4 29. exf4 Qxa2 30. f5 Rxg2+ 31. Kh1 Rc2 32. Qe5 Qb3 33. Qxe4 Rc4 34. Qd5+ Kg7 35. f6+ Kh6 36. Rd8 Qxd1+ 37. Qxd1 Rc1 38. Qxc1+ 1-0

[Event "Titled Tuesday intern op 1st May"]
[Site "Chess.com INT"]
[Date "2018.05.01"]
[Round "4"]
[White "Zupan, Tomo"]
[Black "Cervantes Landeiro, Thalia"]
[Result "1-0"]
[WhiteElo "2151"]
[BlackElo "2148"]
[PlyCount "55"]
[EventDate "2018.05.01"]
[EventType "swiss (blitz)"]
[EventRounds "10"]
[EventCountry "USA"]
[SourceTitle "EXT 2021"]
[Source "ChessBase"]
[SourceDate "2020.10.23"]
[SourceVersion "1"]
[SourceVersionDate "2020.10.23"]
[SourceQuality "1"]

1. d4 Nf6 2. Bg5 Ne4 3. Bf4 d5 4. f3 Nf6 5. e4 dxe4 6. Nc3 exf3 7. Nxf3 e6 8. Bc4 Bd6 9. Qd2 Bxf4 10. Qxf4 0-0 11. 0-0-0 c6 12. Bd3 b5 13. Ne4 Nxe4 14. Qxe4 f5 15. Qe2 Na6 16. Ne5 Nb4 17. Kb1 Qc7 18. Rhe1 Nxd3 19. Qxd3 a5 20. g4 b4 21. Qc4 Qd6 22. gxf5 Rxf5 23. Qxc6 Qxc6 24. Nxc6 Rf7 25. d5 Bb7 26. dxe6 Rf2 27. Nd8 Bf3 28. e7 1-0